000
00475nam a2200145Ia 4500
008
100122s9999 xx 000 0 und d
082
_b
28939
_a
823.08
100
_a
जोशी विमला
245
_a
कोथिंबीरीची फुले
260
_b
शकुंतला लाटकर
_c
1905
300
_a
110
630
_a
कोथिंबीरीची फुले
730
_a
कोथिंबीरीची फुले
942
_c
BOOK
999
_c
414416
_d
414413